000
00263nam a22001217a 4500
008
180924b xxu||||| |||| 00| 0 eng d
041
_a
eng
080
_a
616.073
100
_a
6
101
_a
GEN
245
_a
Encyclopedia Genetics
_c
Ness.bD
942
_2
udc
_c
BK
999
_c
48313
_d
48313